Mid - year review of the Indian economy 2002 - 2003 (Record no. 516936)
[ view plain ]
| 000 -LEADER | |
|---|---|
| fixed length control field | 00243nam a22000857a 4500 |
| 100 ## - MAIN ENTRY--PERSONAL NAME | |
| Personal name | Bery, Suman K. |
| 9 (RLIN) | 23801 |
| 245 ## - TITLE STATEMENT | |
| Title | Mid - year review of the Indian economy 2002 - 2003 |
| Statement of responsibility, etc | by Suman K. Bery |
| 260 ## - PUBLICATION, DISTRIBUTION, ETC. (IMPRINT) | |
| Place of publication, distribution, etc | New Delhi |
| Name of publisher, distributor, etc | Shipra |
| Date of publication, distribution, etc | 2003 |
| 300 ## - PHYSICAL DESCRIPTION | |
| Extent | 156p. |
| Withdrawn status | Lost status | Source of classification or shelving scheme | Damaged status | Koha normalized classification for sorting | Not for loan | Permanent location | Current location | Date acquired | Full call number | Barcode | Date last seen | Price effective from | Koha item type |
|---|---|---|---|---|---|---|---|---|---|---|---|---|---|
| TNC_T19X54_V76 | Indian Institute of Public Administration | Indian Institute of Public Administration | 2021-03-26 | TNC T19x54 V76 | GR23660 | 2021-03-26 | 2021-03-26 | GR |
